00341 a2200121 450000100060000010000050000624500270001126000300003809000170006894200310008599900190011695200840013557585 a aIslam and Christianity aLahorebMinhaj ul Quranc c35320d35320 aNUST-CAEcMONOGRAPHc28137 c292658d292658 001040708NFICaCAEbCAEd2017-04-03l0pCAE80271r2017-04-05w2017-04-05yBK